Nemzedékek igényes nevelője, a francia akadémiai pálma lovagja, Nagyajtósi István emléktáblájának avatására (1908-1989)

Elmentve itt :
Bibliográfiai részletek
Szerző: Fenyvesi István
Dokumentumtípus: Cikk
Megjelent: 2007
Sorozat:Módszertani közlemények 47 No. 5
Kulcsszavak:Nagyajtósi István, Neveléstudomány
Online Access:http://acta.bibl.u-szeged.hu/28872
LEADER 00727nab a2200181 i 4500
001 acta28872
005 20210219155055.0
008 161017s2007 hu o 0|| hun d
022 |a 1219-0608 
040 |a SZTE Egyetemi Kiadványok Repozitórium  |b hun 
041 |a hun 
100 1 |a Fenyvesi István 
245 1 0 |a Nemzedékek igényes nevelője, a francia akadémiai pálma lovagja, Nagyajtósi István emléktáblájának avatására (1908-1989)  |h [elektronikus dokumentum] /  |c  Fenyvesi István 
260 |c 2007 
300 |a 244-249 
490 0 |a Módszertani közlemények  |v 47 No. 5 
695 |a Nagyajtósi István, Neveléstudomány 
856 4 0 |u http://acta.bibl.u-szeged.hu/28872/1/modszertani_047_005_244-249.pdf  |z Dokumentum-elérés